000 00469nam a2200181Ia 4500
001 23367
005 20260414150932.0
008 260414t2014||||xx |||||||||||||| ||spa||
041 _aESP
082 _a629.892
_bM28
100 _aMateo Sanguino, Tomás de J.
_eAUT
245 0 _aRobótica móvil principios, tendencias y aplicaciones
_b
260 _c2014
300 _axiv, 153 páginas :
_c25 cm.
650 _aCNM
654 _aCCN
942 _cLIB
_dJUS
_fJUS
_2ddc
_n
999 _c23367
_d23367